000
00328nam a22001337a 4500
008
170627b xxu||||| |||| 00| 0 eng d
020
_a
9780521356633
041
_a
eng
080
_a
32
100
_a
21
101
_a
shp
245
_a
HUMANITARIAN CHALLENGES AND INTERVENTION WORLD POLITICS
_c
WEIS.TH.G
942
_2
udc
_c
BK
999
_c
19114
_d
19114